000 00347nam a22001337a 4500
008 190305b xxu||||| |||| 00| 0 eng d
020 _a2900471730087
041 _aeng
080 _27th
_a612.39
100 _a10
101 _aNUT
245 _aPurchasing Selection and Procurement for the Hospitality Industry
_cFeinstein,A.H
942 _2udc
_cBK
999 _c54479
_d54479